00518nam a2200181Ia 4500003000900000008004100009040001300050040001300063041000800076245012600084250001000210260004100220260000900261300001100270300001200281490000600293710003700299IT-RoPAU120407s9999 xx 000 0 und d aIT-RoPAU cIT-RoPAU aita aLa missione della Famiglia Paolina. Dare Gesù€ Cristo Via Verità€ e Vita. Incontro dei Governi Gen.: 10-18 Gennaio 1986 aRoma  aArch. Storico Gen. Famiglia Paolina  c1986 a160 p. c21,5 cm v1 aArch. Storico Gen. Fam. Paolina